000 00698nam a2200253Ia 4500
003 OSt
005 20220918220552.0
006 a|||||r|||| 00| 0
007 ta
008 220917b |||||||| |||| 00| 0 eng d
024 _a146,448
037 _cTextual
040 _aARTS
_cARTS
_beng
041 _2eng
_aeng
082 _aY(P), M3
100 _aPace R Wayne
_9137837
245 0 _aOrganisational communication
_b Foundations for human resources development
260 _aEnglewood
_bCliffs Prentice Hall
_c1983
300 _axiv, 286p.
_ccm.
500 _aIncludes Index
650 _aSOCIOLOGY
942 _hY(P), M3
_cTEXL
_2CC
999 _c269204
_d269204